1006 1095 1740 1808 1584 1471 1504 1500 1722 1747 1271 1288 1269 1401 1553 1823 1702 1117 1931 1431 1325 1114 1974 1468 1797 1598 1503 1198 1136 1379 1690 1247 1118 1834 1289 1563 1167 1443 1291 1837 1127 1155 1321 1403 1953 1145 1985 1034 1757 1152 1133 1661 1393 1441 1016 1772 1712 1775 1279 1490 1961 1875 1027 1048 1777 1831 1917 1209 1597 1994 1929 1757 1691 1673 1710 1202 1798 1616 1986 1610 1866 1671 1934 1090 1531 1143 1849 1100 1432 1509 1937 1812 1789 1559 1092 1535 1610 1739 1086 BCNSPRNW ULIB Ver.6.0+V

เปลี่ยนเป็นภาษาไทย

Change to English
 แสดงรายละเอียดบรรณานุกรม
  กลับหน้าหลัก

Brief Record : Get Marc (ISO 2709) : E-mail record : QR code < ปิดหน้าต่าง
LEADER : 00000nam 2200000 a 4500
001    13399113706
003     ULIB
008    110829s2554 th a 000 0 tha d
020    ^a9786169017325
050  4 ^aQH308.2^bส171ช ล1
100 1  ^aStarr, Cecie
245 10 ^aชีววิทยา 1 =^bBiology : concepts and applications /^cCecie
246 31 ^aBiology : concepts and applications
250    ^aพิมพ์ครั้งที่ 4
260    ^aกรุงเทพฯ :^bเซนเกจ เลินนิ่ง (ประเทศไทย) จำกัด,^c2554
300    ^a890 หน้า :^bภาพประกอบ ;^c26 ซม.
650  4 ^aชีววิทยา
700 1  ^aพงษ์รัตน์ ดำรงโรจน์วัฒนา
945    ^p650^l0^i030839
949    ^aเกษร
999 ^a ใช้งานได้ทุกระบบ
รายการนี้ยังไม่มีแท็ก
คุณยังไม่ได้ล็อกอิน คุณสามารถมีกิจกรรมร่วมกับเว็บไซต์ได้ แต่ต้องล็อกอินก่อน ::
  ล็อกอิน

รายการสื่อสารสนเทศ

ลำดับที่ ประเภท เลขเรียก/บาร์โค้ด สถานที่ สถานะ
- ไม่พบข้อมูล -

รายการใกล้เคียง
    ผู้แต่ง [Starr, Cecie]

    หัวเรื่อง [ชีววิทยา]

BibComment


ยังไม่เคยถูกคอมเมนท์

คอมเมนท์ทรัพยากรรายการนี้
  คอมเมนท์: ชีววิทยา 1 Biol..


 Copyright 2026. Bcnsprnw @Library